000
00319nam a2200133Ia 4500
008
191201s2010 xx 000 0 und d
100
_a
SAXENA,DG
245
0
_a
Communication Skills in English
250
_a
5th
260
_a
N. delhi
_b
Top quark production
_c
2010
300
_a
332
650
_a
Applied
942
_2
ddc
_c
BK
999
_c
512
_d
512